000 00547nam a2200181Ia 4500
001 25253
005 20260414151137.0
008 260414t2016||||xx |||||||||||||| ||spa||
041 _aESP
082 _a346.42
_bC28
100 _aCartwright, John
_eAUT
245 0 _aContract law, an introduction to the English law of contract for the civil lawyer :
_ban introduction to the English law of contract for the civil lawyer
260 _c2016
300 _a316 páginas :
_c23 cm.
650 _aDER
654 _aCDE
942 _cLIB
_dJUS
_fJUS
_2ddc
_n
999 _c25253
_d25253